| 000 | 00769nam a2200229 a 4500 | ||
|---|---|---|---|
| 001 | 000016248 | ||
| 005 | 20200929164333.0 | ||
| 008 | 100302s2004 ve 000 j spa d | ||
| 020 | _a9800112243 | ||
| 040 |
_aDO-SdBNP _bspa _cBNPHU |
||
| 082 |
_aV863.44 _bB862r |
||
| 100 | 1 |
_aBritto García, Luis, _d1940- _928478 |
|
| 245 | 1 | 0 |
_aRajatabla / _cLuis Britto García ; prólogo Judit Gerendas. |
| 260 |
_aCaracas : _bMonte Ávila Editores Latinoamérica, _c2004. |
||
| 300 |
_aix, 224 p. ; _c21 cm. |
||
| 490 | 1 | _aBiblioteca básica de autores venezolanos | |
| 650 | 4 |
_aCuentos venezolanos _93815 |
|
| 650 | 4 |
_aLiteratura venezolana _93816 |
|
| 700 | 1 |
_aGerendas, Judit, _epról. _920665 |
|
| 830 | 0 |
_aBiblioteca básica de autores venezolanos _936304 |
|
| 049 | _aBNPD | ||
| 999 |
_c15785 _d15785 |
||